Quality assurance : (Record no. 240)

MARC details
000 -LEADER
fixed length control field 00839cam a2200265 a 4500
005 - DATE AND TIME OF LATEST TRANSACTION
control field 20260322212012.0
008 - FIXED-LENGTH DATA ELEMENTS--GENERAL INFORMATION
fixed length control field data
010 ## - LIBRARY OF CONGRESS CONTROL NUMBER
LC control number 85003911
020 ## - INTERNATIONAL STANDARD BOOK NUMBER
International Standard Book Number 0871890968
020 ## - INTERNATIONAL STANDARD BOOK NUMBER
International Standard Book Number 9780871890962
050 0# - LIBRARY OF CONGRESS CALL NUMBER
Classification number RT85.5
Item number .Q28 1985
096 ## - LOCALLY ASSIGNED NLM-TYPE CALL NUMBER (OCLC)
Classification number W 84 M437 1985
001 - CONTROL NUMBER
control field data
245 00 - TITLE STATEMENT
Title Quality assurance :
Remainder of title a complete guide to effective programs.
Statement of responsibility, etc. edited by Claire Gavin Meisenheimer.
260 ## - PUBLICATION, DISTRIBUTION, ETC.
Place of publication, distribution, etc. Rockville, Md. :
Name of publisher, distributor, etc. Aspen Systems Corp.,
Date of publication, distribution, etc. 1985.
300 ## - PHYSICAL DESCRIPTION
Extent xxi, 355 p. :
Other physical details ill. ;
Dimensions 24 cm.
500 ## - GENERAL NOTE
General note "An Aspen publication."
504 ## - BIBLIOGRAPHY, ETC. NOTE
Bibliography, etc. note Includes bibliographical references and index.
590 ## - LOCAL NOTE (RLIN)
Local note Includes index.
650 #0 - SUBJECT ADDED ENTRY--TOPICAL TERM
Topical term or geographic name entry element Nursing
General subdivision Quality control.
650 #0 - SUBJECT ADDED ENTRY--TOPICAL TERM
Topical term or geographic name entry element Hospital care
General subdivision Quality control.
650 #0 - SUBJECT ADDED ENTRY--TOPICAL TERM
Topical term or geographic name entry element Risk management.
650 #0 - SUBJECT ADDED ENTRY--TOPICAL TERM
Topical term or geographic name entry element Nursing services
General subdivision Administration.
700 1# - ADDED ENTRY--PERSONAL NAME
Personal name Meisenheimer, Claire Gavin.
Holdings
Withdrawn status Lost status Damaged status Not for loan Home library Current library Shelving location Date acquired Total checkouts Full call number Barcode Date last seen Price effective from Koha item type
        Franklin Franklin General stacks 22/03/2026   RT85.5 .Q28 1985 BC0010248 22/03/2026 22/03/2026 Books